<?xml version="1.0" encoding="UTF-8"?><?xml-stylesheet type="text/xsl" href="static/style.xsl"?><OAI-PMH xmlns="http://www.openarchives.org/OAI/2.0/" xmlns:xsi="http://www.w3.org/2001/XMLSchema-instance" xsi:schemaLocation="http://www.openarchives.org/OAI/2.0/ http://www.openarchives.org/OAI/2.0/OAI-PMH.xsd"><responseDate>2026-06-05T21:43:25Z</responseDate><request verb="GetRecord" identifier="oai:riuma.uma.es:10630/28203" metadataPrefix="marc">https://riuma.uma.es/rest/oai/request</request><GetRecord><record><header><identifier>oai:riuma.uma.es:10630/28203</identifier><datestamp>2026-02-03T11:42:12Z</datestamp><setSpec>com_10630_2254</setSpec><setSpec>col_10630_37956</setSpec></header><metadata><record xmlns="http://www.loc.gov/MARC21/slim" xmlns:dcterms="http://purl.org/dc/terms/" xmlns:doc="http://www.lyncode.com/xoai" xmlns:xsi="http://www.w3.org/2001/XMLSchema-instance" xsi:schemaLocation="http://www.loc.gov/MARC21/slim http://www.loc.gov/standards/marcxml/schema/MARC21slim.xsd">
   <leader>00925njm 22002777a 4500</leader>
   <datafield ind2=" " ind1=" " tag="042">
      <subfield code="a">dc</subfield>
   </datafield>
   <datafield ind2=" " ind1=" " tag="720">
      <subfield code="a">Martínez-Maza, María Clelia</subfield>
      <subfield code="e">author</subfield>
   </datafield>
   <datafield ind2=" " ind1=" " tag="260">
      <subfield code="c">2023-11-27</subfield>
   </datafield>
   <datafield ind2=" " ind1=" " tag="520">
      <subfield code="a">La Historia de Roma ofreció a los padres fundadores de la nueva república americana, desarrollos históricos que les parecían muy cercanos y soluciones políticas que fueron verdadera fuente de inspiración para el establecimiento del nuevo orden constitucional.  El análisis de las publicaciones en prensa, de las propuestas formuladas desde el ambiente intelectual y los escritos que recogen los intensos debates mantenidos en las distintas convenciones políticas permite comprobar el peso de la república romana en la conformación de los principales órganos del gobierno federal. Al tomar Roma como referente de prestigio, se buscaba la estabilidad del nuevo gobierno evitando la inevitable degeneración del sistema mediante la institución de un gobierno mixto definido por la separación de poderes y por un adecuado conjunto de checks and balances. Las debilidades detectadas en la república romana fueron igualmente útiles para introducir mejoras que garantizaran el éxito de la nueva politeia.</subfield>
   </datafield>
   <datafield ind1="8" ind2=" " tag="024">
      <subfield code="a">Martínez-Maza, C. (2023). Building a new political model: lessons from the Roman Republic. En N. Simões Rodrigues, A.R. C. Rodrigues (Ed.), Identidade Romana e Contemporaneidade (pp. 19-37 ). Imprensa da Universidade de Coimbra</subfield>
   </datafield>
   <datafield ind1="8" ind2=" " tag="024">
      <subfield code="a">978‐989‐26‐2480‐8</subfield>
   </datafield>
   <datafield ind1="8" ind2=" " tag="024">
      <subfield code="a">https://hdl.handle.net/10630/28203</subfield>
   </datafield>
   <datafield ind1="8" ind2=" " tag="024">
      <subfield code="a">10.14195/978-989-26-2480-8</subfield>
   </datafield>
   <datafield tag="653" ind2=" " ind1=" ">
      <subfield code="a">Roma (República) - Política y gobierno - Influencia</subfield>
   </datafield>
   <datafield tag="653" ind2=" " ind1=" ">
      <subfield code="a">Estados Unidos - Historia -1775-1783 (Revolución)</subfield>
   </datafield>
   <datafield ind2="0" ind1="0" tag="245">
      <subfield code="a">Building a new political model: lessons from the Roman Republic.</subfield>
   </datafield>
</record>
</metadata></record></GetRecord></OAI-PMH>